00781nam a2200205Ia 4500952011200000999001900112008004100131020001800172050001900190100002700209245004700236260005900283300002900342490003200371500003700403519007700440650002200517650002200539942001400561 00102lcc4070a21b21d2017-06-28l3oPQ7298 P65.24p21 003696r2018-03-15s2018-03-15t1w2017-06-28yLB c102197d102197120626s2009 mx 000 f spa d a9786074141016 4aPQ7298bP65.24 aRobles, Leoneld,1964-10aAlabanza de los cuerpos c/ Leonel Robles. aMéxico b: Instuto Polítécnico Nacionalc, 2009. a115 páginas.c; 21 cm. aPoliedro de el Búhov; 24 aFundación René Aviles Fabila aPlan UNAM /bPreparatoria UNAM /cMaterial complementario /d(21 003696) 0aPOESÍA MEXICANA 0aENSAYOS MEXICANOS 2lcccHMAN